[Event "DVM U12 2018"]
[Site "Magdeburg GER"]
[Date "2018.12.27"]
[Round "1"]
[White "Klühs, Gustaf"]
[Black "Hecker, Linus Maximin"]
[Result "1-0"]
[Termination "normal"]
[Board "6.1"]
[WhiteElo "1682"]
[BlackElo "1388"]
[WhiteTeam "SC Borussia Lichtenberg"]
[BlackTeam "Düsseldorfer SV"]
[PlyCount "107"]
[WhiteFideId "16228936"]
[BlackFideId "16275152"]
[EventCountry "GER"]
[EventRounds "7"]
[EventType "team-swiss"]
[EventDate "2018.12.26"]

1. d4 d5 2. c4 e5 3. dxe5 d4 4. Nf3 Nc6 5. Bg5 Be7 6. h4 h6 7. Bf4 f6 8. Qc2
Be6 9. a3 Qd7 10. Nbd2 O-O-O 11. O-O-O fxe5 12. Bxe5 Bf6 13. Bf4 Nge7 14. e4
Ng6 15. Bg3 Be5 16. Nxe5 Ngxe5 17. Bd3 Rhf8 18. f3 Qd6 19. Kb1 Qc5 20. Ka1 Nxd3
21. Qxd3 Na5 22. b4 Bxc4 23. Nxc4 Qxc4 24. bxa5 Qxd3 25. Rxd3 c5 26. Rc1 b6 27.
axb6 axb6 28. Be5 Kb7 29. Ka2 Rg8 30. a4 Ra8 31. Kb3 g5 32. h5 Rae8 33. Bh2 g4
34. a5 gxf3 35. gxf3 Ka6 36. axb6 Kxb6 37. Kc4 Ra8 38. Kd5 Rg5+ 39. Ke6 Ra6 40.
Bd6 Rxh5 41. Rb3+ Ka7 42. e5 Rg5 43. Rxc5 h5 44. Rc7+ Ka8 45. Rc8+ Ka7 46. Rcb8
Rg7 47. Kd5 Ra5+ 48. Bc5+ Rxc5+ 49. Kxc5 Rg6 50. R8b5 h4 51. Ra3+ Ra6 52. Rxa6+
Kxa6 53. Rb4 d3 54. Rxh4 1-0

[Event "DVM U12 2018"]
[Site "Magdeburg GER"]
[Date "2018.12.27"]
[Round "1"]
[White "Zielke, Ansgar"]
[Black "Kovalenko, David"]
[Result "0-1"]
[Termination "normal"]
[Board "6.3"]
[WhiteElo "1642"]
[BlackElo "1246"]
[WhiteTeam "SC Borussia Lichtenberg"]
[BlackTeam "Düsseldorfer SV"]
[PlyCount "116"]
[WhiteFideId "16244800"]
[BlackFideId "16275160"]
[EventCountry "GER"]
[EventRounds "7"]
[EventType "team-swiss"]
[EventDate "2018.12.26"]

1. d4 d5 2. c4 e6 3. Nc3 Nf6 4. Nf3 c5 5. e3 Nc6 6. Be2 Bd6 7. O-O Qc7 8. dxc5
Bxc5 9. cxd5 Ne7 10. d6 Qxd6 11. e4 Qb6 12. Na4 Qc7 13. Nxc5 Qxc5 14. Be3 Qc7
15. Rc1 Qd7 16. e5 Nfd5 17. Bc5 b6 18. Bd6 O-O 19. a4 Bb7 20. Bb5 Qd8 21. Bc7
Nxc7 22. Qxd8 Rfxd8 23. Rxc7 Bxf3 24. Rxe7 Bd5 25. Rc1 Rac8 26. Rxc8 Rxc8 27.
h3 a5 28. Ba6 Rd8 29. Bb7 g5 30. g3 Kg7 31. f4 gxf4 32. gxf4 Kg6 33. Bxd5 exd5
34. Rb7 d4 35. Rxb6+ Kf5 36. Rf6+ Ke4 37. Kf2 d3 38. Ke1 Ke3 39. Rb6 Rc8 40.
Kd1 Rc2 41. Rb3 Rd2+ 42. Ke1 Rh2 43. Kf1 Rh1+ 44. Kg2 Rd1 45. f5 Ke2 46. e6 d2
47. exf7 Rg1+ 48. Kxg1 d1=Q+ 49. Kg2 Qd5+ 50. Kh2 Qxf7 51. Rg3 Qxf5 52. Rg2+
Ke3 53. Rg3+ Ke4 54. Rg4+ Ke5 55. Kg3 h5 56. Rg7 h4+ 57. Kxh4 Qf6+ 58. Rg5+ Kf4
0-1

[Event "DVM U12 2018"]
[Site "Magdeburg GER"]
[Date "2018.12.27"]
[Round "1"]
[White "Hörhager-Celjo, Denis"]
[Black "Zobel, Christian"]
[Result "0-1"]
[Termination "normal"]
[Board "6.4"]
[WhiteElo "1238"]
[BlackElo "1364"]
[WhiteTeam "Düsseldorfer SV"]
[BlackTeam "SC Borussia Lichtenberg"]
[PlyCount "98"]
[WhiteFideId "16253027"]
[BlackFideId "16259068"]
[EventCountry "GER"]
[EventRounds "7"]
[EventType "team-swiss"]
[EventDate "2018.12.26"]

1. e4 e5 2. Nf3 Nc6 3. Bc4 Bc5 4. c3 Nf6 5. d4 exd4 6. cxd4 Bb4+ 7. Bd2 Bxd2+
8. Nbxd2 d5 9. exd5 Nxd5 10. O-O O-O 11. h3 Bf5 12. Re1 Nb6 13. d5 Nxd5 14. Nb3
Nf6 15. Ng5 Bg6 16. Rc1 h6 17. Nf3 Re8 18. Rxe8+ Qxe8 19. Bb5 Rd8 20. Qf1 Rd6
21. Na5 Qd7 22. Nxc6 bxc6 23. Ba4 Bd3 24. Qe1 Bb5 25. Ne5 Qe7 26. Bb3 Nd5 27.
a4 Ba6 28. f4 Qf6 29. Qf2 Qxf4 30. Qxf4 Nxf4 31. Bxf7+ Kf8 32. Kh2 Ne6 33. Bxe6
Rxe6 34. Nxc6 Re2 35. b3 Bb7 36. Kg1 Rb2 37. Rf1+ Kg8 38. Ne7+ Kh7 39. Rf2 Rxb3
40. Rc2 Rg3 41. Nf5 Ra3 42. Rxc7 Ra1+ 43. Kh2 Be4 44. Nxg7 Ra2 45. Nh5+ Kg6 46.
Nf4+ Kg5 47. Ne6+ Kf5 48. Nd4+ Kg5 49. Rxa7 Rxg2+ 0-1

[Event "DVM U12 2018"]
[Site "Magdeburg GER"]
[Date "2018.12.27"]
[Round "1"]
[White "Feng, Felix"]
[Black "Phan Trong, Dai"]
[Result "0-1"]
[Termination "normal"]
[Board "7.1"]
[WhiteElo "1430"]
[BlackElo "1659"]
[WhiteTeam "SF Neuberg"]
[BlackTeam "SV Dresden-Leuben"]
[PlyCount "60"]
[WhiteFideId "16275179"]
[BlackFideId "16236939"]
[EventCountry "GER"]
[EventRounds "7"]
[EventType "team-swiss"]
[EventDate "2018.12.26"]

1. c4 c5 2. g3 Nc6 3. Bg2 g6 4. Nf3 Bg7 5. Nc3 Nf6 6. O-O Rb8 7. a3 a6 8. Rb1
b5 9. cxb5 axb5 10. b4 cxb4 11. axb4 O-O 12. Qb3 Ne8 13. Rd1 Qb6 14. Bb2 e6 15.
Ne4 e5 16. Nc3 Nf6 17. Ba1 d6 18. Nd5 Nxd5 19. Qxd5 Ne7 20. Qb3 Be6 21. Qe3
Rfd8 22. Qxb6 Rxb6 23. d3 Ra6 24. Rbc1 Bb3 25. Re1 Nd5 26. Rb1 Ba2 27. Rbc1
Nxb4 28. Bc3 Nd5 29. Rc2 Nxc3 30. Rxc3 e4 0-1

[Event "DVM U12 2018"]
[Site "Magdeburg GER"]
[Date "2018.12.27"]
[Round "1"]
[White "Wiedersich, Hendryk"]
[Black "Eull, Emil"]
[Result "1-0"]
[Termination "normal"]
[Board "7.2"]
[WhiteElo "1509"]
[BlackElo "1526"]
[WhiteTeam "SV Dresden-Leuben"]
[BlackTeam "SF Neuberg"]
[PlyCount "33"]
[WhiteFideId "16255399"]
[BlackFideId "16253809"]
[EventCountry "GER"]
[EventRounds "7"]
[EventType "team-swiss"]
[EventDate "2018.12.26"]

1. d4 Nf6 2. Nc3 c5 3. d5 d6 4. e4 g6 5. Bb5+ Bd7 6. Bxd7+ Nbxd7 7. f4 b5 8.
Qd3 a6 9. Nf3 e5 10. fxe5 Nxe5 11. Nxe5 dxe5 12. O-O Bg7 13. Bg5 Qb6 14. Qf3
Ke7 15. d6+ Qxd6 16. Nd5+ Ke6 17. Bxf6 1-0

[Event "DVM U12 2018"]
[Site "Magdeburg GER"]
[Date "2018.12.27"]
[Round "1"]
[White "Kaiser, Jason"]
[Black "Hentschel, Lena"]
[Result "0-1"]
[Termination "normal"]
[Board "7.3"]
[WhiteElo "1254"]
[BlackElo "1539"]
[WhiteTeam "SF Neuberg"]
[BlackTeam "SV Dresden-Leuben"]
[PlyCount "96"]
[WhiteFideId "16275187"]
[BlackFideId "16240324"]
[EventCountry "GER"]
[EventRounds "7"]
[EventType "team-swiss"]
[EventDate "2018.12.26"]

1. e4 g6 2. Nf3 Bg7 3. c3 d6 4. d4 Nd7 5. Bf4 e5 6. dxe5 Nxe5 7. Nxe5 dxe5 8.
Qxd8+ Kxd8 9. Bg3 Be6 10. Nd2 f6 11. a3 Nh6 12. Rd1 Ke7 13. Nc4 Nf7 14. Na5 Nd6
15. f3 Bd7 16. Bf2 b6 17. Nc4 Ba4 18. Rd2 Bh6 19. Ne3 c6 20. Be2 Rhd8 21. O-O
Rd7 22. Rb1 Bb3 23. Bd1 Bxd1 24. Rbxd1 Rad8 25. Kf1 Ke6 26. Rd3 Bg5 27. h4 Bh6
28. Ng4 Bg7 29. Be3 Nc4 30. Rxd7 Nxe3+ 31. Nxe3 Rxd7 32. Rxd7 Kxd7 33. Ke2 Bh6
34. Kd3 Bf4 35. g4 Bg3 36. h5 Bf4 37. c4 Kd6 38. b4 a6 39. a4 Bh6 40. b5 axb5
41. axb5 Bxe3 42. Kxe3 cxb5 43. cxb5 g5 44. Kd3 Kc5 45. Kc3 h6 46. Kb3 Kxb5 47.
Kc3 Kc5 48. Kb3 Kd4 0-1

[Event "DVM U12 2018"]
[Site "Magdeburg GER"]
[Date "2018.12.27"]
[Round "1"]
[White "Bregulla, Paul"]
[Black "Ruppel, Felix"]
[Result "1-0"]
[Termination "normal"]
[Board "7.4"]
[WhiteElo "1539"]
[BlackElo "1004"]
[WhiteTeam "SV Dresden-Leuben"]
[BlackTeam "SF Neuberg"]
[PlyCount "61"]
[WhiteFideId "16259564"]
[BlackFideId "16275195"]
[EventCountry "GER"]
[EventRounds "7"]
[EventType "team-swiss"]
[EventDate "2018.12.26"]

1. d4 d5 2. Bf4 Bf5 3. Nf3 Nc6 4. e3 Nf6 5. c4 e6 6. Be2 Bd6 7. Bg3 O-O 8. O-O
Qe7 9. Bh4 Qd7 10. Nc3 Bb4 11. Bg3 Ne4 12. Nxe4 dxe4 13. Ne5 Nxe5 14. Bxe5 Bd6
15. Bg3 Bxg3 16. hxg3 Rad8 17. Rc1 Rfe8 18. Qb3 Rb8 19. Rfd1 b6 20. d5 exd5 21.
cxd5 Rbd8 22. Bb5 Qc8 23. Bxe8 Rxe8 24. Qc3 Re7 25. d6 Re8 26. Qxc7 Qxc7 27.
Rxc7 a5 28. d7 Rd8 29. Rc8 Rxc8 30. dxc8=Q+ Bxc8 31. Rd8# 1-0

[Event "DVM U12 2018"]
[Site "Magdeburg GER"]
[Date "2018.12.27"]
[Round "1"]
[White "Bolz, Jannis"]
[Black "Öz, Mert"]
[Result "1-0"]
[Termination "normal"]
[Board "8.1"]
[WhiteElo "1447"]
[BlackElo "1311"]
[WhiteTeam "DJK Aufwärts St. Josef Aachen"]
[BlackTeam "SK Bebenhausen"]
[PlyCount "85"]
[WhiteFideId "16214897"]
[BlackFideId "16255704"]
[EventCountry "GER"]
[EventRounds "7"]
[EventType "team-swiss"]
[EventDate "2018.12.26"]

1. e4 c5 2. d4 cxd4 3. c3 Nf6 4. e5 Nd5 5. c4 Nb6 6. Nf3 Nc6 7. Bd3 g6 8. Bg5
Bg7 9. Qb3 d6 10. exd6 Qxd6 11. O-O O-O 12. Nbd2 Ne5 13. Nxe5 Qxe5 14. Nf3 Qc5
15. Rfe1 Re8 16. Bf4 Bg4 17. Ne5 Bh5 18. g4 Bxe5 19. Rxe5 Qc6 20. gxh5 Nd7 21.
Ree1 Nf6 22. hxg6 fxg6 23. c5+ Kg7 24. Be5 a6 25. Be4 Qxc5 26. Bxf6+ exf6 27.
Qxb7+ Kh6 28. Rac1 Qg5+ 29. Kh1 Rab8 30. Qd7 f5 31. Bf3 Red8 32. Qe7 Qf4 33.
Kg2 Re8 34. Qf6 Rf8 35. Qe5 Qd2 36. Qg3 Rxb2 37. Qh4+ Kg7 38. Rc7+ Rf7 39.
Rxf7+ Kxf7 40. Qxh7+ Kf6 41. Qh8+ Kg5 42. h4+ Kf4 43. Qe5# 1-0

[Event "DVM U12 2018"]
[Site "Magdeburg GER"]
[Date "2018.12.27"]
[Round "1"]
[White "Andrei, Quentin"]
[Black "Baltic, Sara"]
[Result "0-1"]
[Termination "normal"]
[Board "8.2"]
[WhiteElo "1219"]
[BlackElo "1529"]
[WhiteTeam "SK Bebenhausen"]
[BlackTeam "DJK Aufwärts St. Josef Aachen"]
[PlyCount "98"]
[WhiteFideId "16255712"]
[BlackFideId "16210409"]
[EventCountry "GER"]
[EventRounds "7"]
[EventType "team-swiss"]
[EventDate "2018.12.26"]

1. e4 e6 2. d4 d5 3. e5 c5 4. c3 Qb6 5. Nf3 Nc6 6. Bd3 Bd7 7. O-O Be7 8. Re1
cxd4 9. cxd4 Bb4 10. Re2 Rc8 11. a3 Be7 12. Nc3 Bd8 13. Be3 Nge7 14. Rb1 Ng6
15. Qd2 Nce7 16. Rc1 O-O 17. h3 a6 18. Ne1 Qa7 19. Ra1 Bb6 20. Nf3 Rc7 21. Bc2
Rfc8 22. Ba4 Bxa4 23. Nxa4 Rd7 24. Nxb6 Qxb6 25. Rc1 Rxc1+ 26. Qxc1 Rc7 27. Qe1
h6 28. Qb4 Qxb4 29. axb4 Nc6 30. Bd2 Nge7 31. Kf1 Nf5 32. Bc3 Na7 33. g4 Ne7
34. Kg2 Nb5 35. Rc2 Nc6 36. Bd2 Rd7 37. Rc5 Nbxd4 38. Nxd4 Nxd4 39. Rc8+ Kh7
40. Be3 Nc6 41. Kg3 Nxe5 42. Rc3 d4 43. Rc5 Nd3 44. Bxd4 Rxd4 45. Rc7 Rxb4 46.
Rxf7 Ne5 47. Re7 Rb3+ 48. Kh4 Ng6+ 49. Kh5 Rxh3# 0-1

[Event "DVM U12 2018"]
[Site "Magdeburg GER"]
[Date "2018.12.27"]
[Round "1"]
[White "Aravindan, Midhulan"]
[Black "Weide, Julian"]
[Result "0-1"]
[Termination "normal"]
[Board "8.3"]
[WhiteElo "1511"]
[BlackElo "1301"]
[WhiteTeam "DJK Aufwärts St. Josef Aachen"]
[BlackTeam "SK Bebenhausen"]
[PlyCount "71"]
[WhiteFideId "16237250"]
[BlackFideId "16275209"]
[EventCountry "GER"]
[EventRounds "7"]
[EventType "team-swiss"]
[EventDate "2018.12.26"]

1. d4 d5 2. Nf3 Nf6 3. Bf4 Bf5 4. e3 Nc6 5. c3 e6 6. Bd3 Ne4 7. h3 Bd6 8. Ne5
Nxe5 9. dxe5 Bc5 10. f3 Qh4+ 11. g3 Nxg3 12. Bxg3 Qxg3+ 13. Kd2 Qg2+ 14. Be2
Qf2 15. Qa4+ c6 16. Qf4 Qg2 17. Na3 g5 18. Qh2 Qxh2 19. Rxh2 Ke7 20. Rg1 f6 21.
exf6+ Kxf6 22. Bd3 h6 23. Nc2 Bd6 24. Rhh1 Rae8 25. Nd4 Bxd3 26. Kxd3 e5 27.
Nc2 e4+ 28. fxe4 Rxe4 29. Rf1+ Ke7 30. Rf3 c5 31. Rhf1 Rh7 32. a3 a5 33. b3 g4
34. hxg4 Rxg4 35. a4 Rh4 36. R3f2 0-1

[Event "DVM U12 2018"]
[Site "Magdeburg GER"]
[Date "2018.12.27"]
[Round "1"]
[White "Logothetis, Feodor Konstantin"]
[Black "Frecker, Bennit"]
[Result "0-1"]
[Termination "normal"]
[Board "8.4"]
[WhiteElo "1140"]
[BlackElo "1295"]
[WhiteTeam "SK Bebenhausen"]
[BlackTeam "DJK Aufwärts St. Josef Aachen"]
[PlyCount "138"]
[WhiteFideId "16263464"]
[BlackFideId "16258444"]
[EventCountry "GER"]
[EventRounds "7"]
[EventType "team-swiss"]
[EventDate "2018.12.26"]

1. e4 d5 2. exd5 Nf6 3. Nf3 Nxd5 4. Bc4 Bf5 5. Bxd5 Qxd5 6. Nc3 Qe6+ 7. Ne2 Nc6
8. d3 Bg4 9. Ng5 Bxe2 10. Qxe2 Qxe2+ 11. Kxe2 Nd4+ 12. Kd1 f6 13. Ne4 e5 14.
Be3 O-O-O 15. c3 Nf5 16. Ke2 Nxe3 17. fxe3 f5 18. Ng5 Rd7 19. Rhf1 g6 20. h4
Bg7 21. h5 Bh6 22. Ne6 b6 23. Rh1 g5 24. d4 Rd6 25. d5 Rxd5 26. Rad1 Rxd1 27.
Rxd1 Re8 28. Nxg5 Bxg5 29. Kf3 e4+ 30. Ke2 Bh4 31. Rf1 Rf8 32. g4 h6 33. gxf5
c5 34. Rf4 Bg5 35. Rxe4 Rxf5 36. Kd3 b5 37. b4 Rd5+ 38. Kc2 c4 39. Re6 Rd3 40.
e4 Rd2+ 41. Kb1 Rd3 42. Kc2 Bd2 43. e5 Bxc3 44. a3 Bd2 45. Re7 Rd7 46. Rxd7
Kxd7 47. Kxd2 Ke6 48. Kc2 Kxe5 49. a4 a6 50. axb5 axb5 51. Kc3 Ke4 52. Kd2 Kf5
53. Ke3 Kg5 54. Kd4 Kxh5 55. Kc5 c3 56. Kxb5 c2 57. Ka5 c1=Q 58. b5 Kg5 59. b6
Qc5+ 60. Ka6 Qxb6+ 61. Kxb6 h5 62. Kc5 h4 63. Kd4 h3 64. Ke3 h2 65. Kf2 h1=Q
66. Kg3 Qe4 67. Kh2 Qg4 68. Kh1 Kf4 69. Kh2 Kf3 0-1

[Event "DVM U12 2018"]
[Site "Magdeburg GER"]
[Date "2018.12.27"]
[Round "1"]
[White "Buschmann, Mark"]
[Black "Kraftsik, Christian"]
[Result "0-1"]
[Termination "normal"]
[Board "9.1"]
[WhiteElo "1351"]
[BlackElo "1771"]
[WhiteTeam "Muldental Wilkau-Haßlau"]
[BlackTeam "SC Vaterstetten"]
[PlyCount "76"]
[WhiteFideId "16275217"]
[BlackFideId "16242548"]
[EventCountry "GER"]
[EventRounds "7"]
[EventType "team-swiss"]
[EventDate "2018.12.26"]

1. e4 e5 2. Nf3 Nc6 3. Bc4 Bc5 4. d3 Nf6 5. Bg5 h6 6. Be3 Bb6 7. Nc3 d6 8. Qd2
Bd7 9. O-O Bg4 10. Bxb6 axb6 11. Qe3 O-O 12. Nh4 Nd4 13. Rac1 Kh7 14. h3 Bh5
15. Nf5 b5 16. Nxd4 exd4 17. Qxd4 bxc4 18. Qxc4 Bg6 19. f4 Kh8 20. Qb3 b6 21.
e5 dxe5 22. fxe5 Qd4+ 23. Kh1 Qxe5 24. Rce1 Qd6 25. Nb5 Qd7 26. a3 Rae8 27. Qc4
Nh5 28. Kh2 c6 29. Nd4 Qd6+ 30. Kg1 Ng3 31. Rxe8 Rxe8 32. Rd1 c5 33. Nb5 Qe5
34. b3 Qe2 35. Nc3 Qxc2 36. Qb5 f6 37. Qc4 Ne2+ 38. Kh2 Nxc3 0-1

[Event "DVM U12 2018"]
[Site "Magdeburg GER"]
[Date "2018.12.27"]
[Round "1"]
[White "Lerchl, Clemens"]
[Black "Helmer, Teo"]
[Result "1-0"]
[Termination "normal"]
[Board "9.2"]
[WhiteElo "1625"]
[BlackElo "1323"]
[WhiteTeam "SC Vaterstetten"]
[BlackTeam "Muldental Wilkau-Haßlau"]
[PlyCount "63"]
[WhiteFideId "16226372"]
[BlackFideId "16275225"]
[EventCountry "GER"]
[EventRounds "7"]
[EventType "team-swiss"]
[EventDate "2018.12.26"]

1. e4 e5 2. Nf3 Nc6 3. Bb5 Bc5 4. O-O Nge7 5. c3 a6 6. Ba4 d6 7. h3 h6 8. d4
exd4 9. cxd4 Ba7 10. Nc3 Bd7 11. Bb3 Qc8 12. Be3 Ng6 13. Nh2 Nh4 14. Qh5 Ng6
15. Rad1 Na5 16. Qxa5 b5 17. Nd5 Bxh3 18. Nxc7+ Kf8 19. Nxa8 Kg8 20. gxh3 Qxh3
21. Kh1 Nh4 22. Rg1 Nf3 23. Rg2 d5 24. Qc7 Bb8 25. Qxb8+ Kh7 26. Qa7 Nh4 27.
Rg3 Qe6 28. exd5 Qe4+ 29. f3 Qxe3 30. Bc2+ Ng6 31. Qxf7 Qe2 32. Bxg6# 1-0

[Event "DVM U12 2018"]
[Site "Magdeburg GER"]
[Date "2018.12.27"]
[Round "1"]
[White "Wagner, Ben"]
[Black "Karpen, Jakob"]
[Result "1-0"]
[Termination "normal"]
[Board "9.3"]
[WhiteElo "1194"]
[BlackElo "1336"]
[WhiteTeam "Muldental Wilkau-Haßlau"]
[BlackTeam "SC Vaterstetten"]
[PlyCount "127"]
[WhiteFideId "16262298"]
[BlackFideId "16255453"]
[EventCountry "GER"]
[EventRounds "7"]
[EventType "team-swiss"]
[EventDate "2018.12.26"]

1. e4 e5 2. Nf3 Nc6 3. Bc4 Bc5 4. c3 Nf6 5. d3 d6 6. Be3 O-O 7. O-O Bg4 8. Nbd2
Re8 9. Re1 Bxe3 10. fxe3 d5 11. exd5 Nxd5 12. h3 Bh5 13. Nf1 Na5 14. Ng3 Nxc4
15. dxc4 e4 16. Nxh5 exf3 17. Qxd5 Qxd5 18. cxd5 fxg2 19. Kxg2 Re5 20. Nf4 g5
21. Nh5 f5 22. Nf6+ Kg7 23. Nh5+ Kg6 24. Ng3 Rxd5 25. Rad1 Re5 26. e4 f4 27.
Nf1 Rf8 28. Kf3 h5 29. Nh2 Rfe8 30. Rd2 R8e6 31. Rd7 Rd6 32. Rxd6+ cxd6 33. Rd1
Re6 34. Rd5 a6 35. h4 gxh4 36. Kxf4 Rf6+ 37. Ke3 h3 38. e5 Re6 39. Rxd6 Rxd6
40. exd6 Kf6 41. Kd4 Ke6 42. Kc5 a5 43. b3 h4 44. b4 a4 45. b5 Kd7 46. Kd5 b6
47. c4 a3 48. Nf3 Kd8 49. Kc6 h2 50. Nxh2 Kc8 51. d7+ Kd8 52. Kxb6 Kxd7 53. Ka7
Ke6 54. b6 Ke5 55. Nf3+ Ke4 56. Nxh4 Kf4 57. b7 Kg4 58. b8=Q Kxh4 59. Qg8 Kh5
60. c5 Kh6 61. c6 Kh5 62. c7 Kh6 63. c8=Q Kh5 64. Qh3# 1-0

[Event "DVM U12 2018"]
[Site "Magdeburg GER"]
[Date "2018.12.27"]
[Round "1"]
[White "Lerchl, Justus"]
[Black "Otto, Kian"]
[Result "0-1"]
[Termination "normal"]
[Board "9.4"]
[WhiteElo "1500"]
[BlackElo "1101"]
[WhiteTeam "SC Vaterstetten"]
[BlackTeam "Muldental Wilkau-Haßlau"]
[PlyCount "84"]
[WhiteFideId "16240677"]
[EventCountry "GER"]
[EventRounds "7"]
[EventType "team-swiss"]
[EventDate "2018.12.26"]

1. e4 c5 2. d4 cxd4 3. c3 dxc3 4. Nxc3 d6 5. Bc4 Nc6 6. Nf3 Bg4 7. O-O g6 8. h3
Bxf3 9. Qxf3 Nf6 10. Rd1 Bg7 11. Bf4 O-O 12. e5 Nh5 13. exd6 Nxf4 14. Qxf4 Qd7
15. Rd2 Be5 16. dxe7 Qxe7 17. Qg4 Bg7 18. Rd7 Qf6 19. Rb1 Ne5 20. Ne4 Qc6 21.
Bd5 Qxd7 22. Qxd7 Nxd7 23. Bxb7 Rad8 24. Rc1 Nb6 25. Ng5 Bxb2 26. Rb1 Be5 27.
g3 Rd2 28. Ra1 Bxa1 29. a3 Rfd8 30. h4 R8d3 31. a4 Bd4 32. a5 Rxf2 33. Bf3 Rc3
34. Bg2 Rcc2 35. axb6 axb6 36. Kh2 Rxg2+ 37. Kh3 f5 38. Nf3 Rgf2 39. h5 Rxf3
40. h6 Rff2 41. Kh4 Bf6+ 42. Kh3 Rh2# 0-1

[Event "DVM U12 2018"]
[Site "Magdeburg GER"]
[Date "2018.12.27"]
[Round "1"]
[White "Kageler, Anton Paul"]
[Black "Mainka, Ingmar"]
[Result "1-0"]
[Termination "normal"]
[Board "10.1"]
[WhiteElo "1480"]
[BlackElo "1190"]
[WhiteTeam "SV Roter Turm Halle"]
[BlackTeam "DJK Arminia Eilendorf"]
[PlyCount "99"]
[WhiteFideId "16244850"]
[BlackFideId "16254937"]
[EventCountry "GER"]
[EventRounds "7"]
[EventType "team-swiss"]
[EventDate "2018.12.26"]

1. e4 e5 2. Nf3 Nc6 3. Nc3 Nf6 4. Bc4 Nxe4 5. Bxf7+ Kxf7 6. Nxe4 d5 7. Ng3 e4
8. Ng1 Bc5 9. N1e2 Rf8 10. O-O Kg8 11. d4 Bb6 12. Be3 Bg4 13. h3 Bxe2 14. Nxe2
Qf6 15. c3 Rae8 16. Nf4 Ne7 17. Qb3 c6 18. c4 Bxd4 19. cxd5 Kh8 20. Bxd4 Qxf4
21. Qxb7 cxd5 22. Bc5 Qf6 23. Qxa7 Rf7 24. Qa4 Rc8 25. Bd4 Qf5 26. Rac1 Rxc1
27. Rxc1 h6 28. b4 Qf4 29. Be3 Qf6 30. b5 Qb2 31. Qb3 Qxb3 32. axb3 Nf5 33. b6
Nxe3 34. fxe3 Rb7 35. Rc6 Kg8 36. b4 Kf8 37. b5 Ke8 38. Kf2 Kd7 39. Ke2 Rb8 40.
Kd2 Rc8 41. Rxc8 Kxc8 42. Kc3 Kb7 43. Kd4 Kxb6 44. Kxd5 Kxb5 45. Kxe4 Kc6 46.
Kf5 Kd7 47. Kg6 Ke6 48. Kxg7 Kf5 49. Kxh6 Ke4 50. g4 1-0

[Event "DVM U12 2018"]
[Site "Magdeburg GER"]
[Date "2018.12.27"]
[Round "1"]
[White "Korr, Sören"]
[Black "Derling, Charlotte"]
[Result "0-1"]
[Termination "normal"]
[Board "10.2"]
[WhiteElo "1143"]
[BlackElo "1399"]
[WhiteTeam "DJK Arminia Eilendorf"]
[BlackTeam "SV Roter Turm Halle"]
[PlyCount "90"]
[WhiteFideId "16275241"]
[BlackFideId "16222237"]
[EventCountry "GER"]
[EventRounds "7"]
[EventType "team-swiss"]
[EventDate "2018.12.26"]

1. e4 c5 2. Nf3 Nc6 3. d4 cxd4 4. Nxd4 Nf6 5. Nc3 g6 6. Bc4 Bg7 7. O-O O-O 8.
Bg5 d6 9. Re1 Bd7 10. Qd2 Rc8 11. Rad1 Re8 12. Nf3 Bg4 13. Qf4 Bxf3 14. Qxf3
Ne5 15. Bxf7+ Nxf7 16. Bf4 Qc7 17. Re2 Nh5 18. Bd2 Ne5 19. Qe3 a6 20. Nd5 Qc6
21. c3 Nf6 22. Nb4 Qc7 23. Nd3 Nxd3 24. Qxd3 Nd7 25. Bf4 Ne5 26. Qd5+ Kh8 27.
Re3 Qc6 28. Qb3 Nc4 29. Ree1 Qb6 30. Qxb6 Nxb6 31. e5 dxe5 32. Bxe5 Bxe5 33.
Rxe5 Nc4 34. Re6 Rcd8 35. Rb1 Nxb2 36. g3 Rd1+ 37. Re1 Rxe1+ 38. Rxe1 Na4 39.
Re3 Kg7 40. Kg2 e6 41. Kf3 Kf6 42. Kg4 Rc8 43. Rf3+ Kg7 44. Re3 Rc6 45. f4 Nxc3
0-1

[Event "DVM U12 2018"]
[Site "Magdeburg GER"]
[Date "2018.12.27"]
[Round "1"]
[White "Adelmeyer, Nelly"]
[Black "Sassenscheidt, Julius"]
[Result "0-1"]
[Termination "normal"]
[Board "10.3"]
[WhiteElo "1475"]
[BlackElo "1034"]
[WhiteTeam "SV Roter Turm Halle"]
[BlackTeam "DJK Arminia Eilendorf"]
[PlyCount "54"]
[WhiteFideId "16203577"]
[BlackFideId "16258509"]
[EventCountry "GER"]
[EventRounds "7"]
[EventType "team-swiss"]
[EventDate "2018.12.26"]

1. e4 e6 2. d4 d5 3. e5 c5 4. Nf3 Nc6 5. Be3 Qb6 6. b3 cxd4 7. Bxd4 Nxd4 8.
Qxd4 Bc5 9. Qh4 Ne7 10. c3 Nf5 11. Qg5 Bxf2+ 12. Ke2 Be3 13. Qg4 h5 14. Qh3
Qb5+ 15. Kd1 Qc5 16. Bd3 d4 17. Bxf5 exf5 18. Qh4 dxc3 19. Kc2 f4 20. Nxc3 Bf5+
21. Kb2 b5 22. a3 Rc8 23. Qe1 a5 24. Rd1 b4 25. axb4 axb4 26. Na2 Qc2+ 27. Ka1
Ra8 0-1

[Event "DVM U12 2018"]
[Site "Magdeburg GER"]
[Date "2018.12.27"]
[Round "1"]
[White "Debets, Mario"]
[Black "Berger, Janosch"]
[Result "1/2-1/2"]
[Termination "normal"]
[Board "10.4"]
[WhiteElo "1000"]
[BlackElo "1036"]
[WhiteTeam "DJK Arminia Eilendorf"]
[BlackTeam "SV Roter Turm Halle"]
[PlyCount "90"]
[WhiteFideId "16275250"]
[BlackFideId "16275020"]
[EventCountry "GER"]
[EventRounds "7"]
[EventType "team-swiss"]
[EventDate "2018.12.26"]

1. e4 e5 2. Nf3 Nc6 3. Nc3 Nf6 4. Bb5 Bb4 5. O-O Bxc3 6. bxc3 Nxe4 7. d3 Nxc3
8. Qd2 Nxb5 9. Bb2 d6 10. Rfe1 O-O 11. d4 exd4 12. Bxd4 Nbxd4 13. Nxd4 Nxd4 14.
Qxd4 b6 15. Re3 Bb7 16. Rae1 Qg5 17. f3 d5 18. f4 Qg6 19. Rg3 Qh6 20. Re5 c5
21. Rh5 cxd4 22. Rxh6 g6 23. Rgh3 Rae8 24. Rxh7 Bc8 25. Rh8+ Kg7 26. R8h7+ Kf6
27. Rd3 Ba6 28. Rxd4 Re1+ 29. Kf2 Re2+ 30. Kg3 Re3+ 31. Kg4 Be2+ 32. Kh4 g5+
33. fxg5+ Kg6 34. Rh6+ Kg7 35. Rxd5 Re4+ 36. Kh3 Bg4+ 37. Kg3 f5 38. Rd7+ Kg8
39. Rhh7 Re3+ 40. Kf2 Re2+ 41. Kg3 Re3+ 42. Kf2 Re2+ 43. Kg3 Rfe8 44. Rdg7+ Kf8
45. Rf7+ Kg8 1/2-1/2